| 000 | 00545nam a2200217 a 4500 | ||
|---|---|---|---|
| 001 | 50562 | ||
| 003 | BD-RjUL | ||
| 005 | 20211209075529.0 | ||
| 008 | 160827s1960 us a|||| |||| 00| 0 eng d | ||
| 035 | _a(BD-RjUL)50682 | ||
| 040 |
_aBD-RjUL _beng _cBD-RjUL |
||
| 041 | _aeng | ||
| 082 |
_223 _a516 _bHIA 1960 |
||
| 100 |
_aHislop, J. _9151440 |
||
| 245 | _aApproach to geometry / | ||
| 260 |
_aGlasgow : _bR. Gibson, _c©1960 |
||
| 300 |
_av : _b ill. ; _c21 cm |
||
| 505 | 0 | _avolumes 2 -- | |
| 650 |
_aGeometry. _9151441 |
||
| 942 |
_2ddc _cBK |
||
| 999 |
_c50562 _d50562 |
||